|
|
|
|
| LEADER |
00691cam a2200241 7i4500 |
| 001 |
0000036761 |
| 005 |
20220412090000.0 |
| 007 |
ta |
| 008 |
220217s2018 may |
| 020 |
|
|
|a 9789674691011
|
| 040 |
|
|
|a MATR
|
| 090 |
0 |
0 |
|a FM 899.2333
|b RIS
|
| 100 |
0 |
|
|a Rissa Ahdiya
|e author
|
| 245 |
1 |
0 |
|a Seadanya Aku
|c Rissa Ahdiya.
|
| 264 |
|
0 |
|a Selangor:
|b Penerbitan Karyaseni,
|c 2018.
|
| 300 |
|
|
|a 475 pages;
|c 19 cm.
|
| 336 |
|
|
|a text
|2 rdacontent
|
| 337 |
|
|
|a unmediated
|2 rdamedia
|
| 338 |
|
|
|a volume
|2 rdacarrier
|
| 500 |
|
|
|a Screen adaption
|
| 650 |
0 |
0 |
|a Malay fiction
|
| 650 |
0 |
0 |
|a Malaysian fiction (Malay)
|
| 999 |
|
|
|a B000041669
|b Book
|c Book
|e Business Information Centre
|